[Event "21st Dubai Open 2019"]
[Site "Dubai UAE"]
[Date "2019.04.07"]
[Round "7.24"]
[White "Kuybokarov, Temur"]
[Black "Saurabh, Anand"]
[Result "1/2-1/2"]
[WhiteTitle "GM"]
[WhiteElo "2519"]
[BlackElo "2385"]
[WhiteFideId "14203049"]
[BlackFideId "5094496"]
[EventDate "2019.04.01"]

1. e4 e5 2. Nf3 Nc6 3. Bb5 a6 4. Ba4 Nf6 5. O-O Be7 6. Re1 b5 7. Bb3 d6 8. c3
O-O 9. h3 Na5 10. Bc2 c5 11. d4 Nd7 12. a4 Bb7 13. d5 Nb6 14. b4 cxb4 15. cxb4
Nac4 16. a5 Nd7 17. Nc3 Bf6 18. Ne2 g6 19. g4 Re8 20. Ng3 Nf8 21. Ra2 Bc8 22.
Kg2 Bd7 23. Bd3 Rc8 24. Rae2 Rc7 25. Rh1 Qa8 26. Kh2 Qb8 27. Rc2 Qa7 28. Rg1 Qb8
29. Bh6 Qd8 30. Qc1 Bg7 31. Be3 Rc8 32. Bxc4 bxc4 33. Rxc4 Bb5 34. Rxc8 Qxc8 35.
Qxc8 Rxc8 36. Rc1 Rxc1 37. Bxc1 Nd7 38. Be3 Bf6 39. Bg5 Bxg5 40. Nxg5 Nf6 41.
Nf3 Bd3 42. Ne1 Bc4 43. Nc2 Bd3 44. Ne1 Bc4 45. Kg2 Ne8 46. Nc2 Nc7 47. Na3 Bd3
48. Kf3 Kf8 49. Ke3 Bb5 50. f4 f6 51. g5 exf4+ 52. Kxf4 fxg5+ 53. Kxg5 Kg7 54.
Nxb5 Nxb5 55. Nf1 h6+ 56. Kf4 Kf6 57. Nh2 g5+ 58. Ke3 h5 59. Nf3 Nc7 60. Nd4 Ke5
61. Nc6+ Kf6 62. Nd4 Ke5 63. b5 axb5 64. Nc6+ Kf6 65. Nb4 Na8 66. Na6 Ke5 67.
Nb8 Kf6 68. Nc6 Nc7 69. e5+ dxe5 70. Ke4 Na6 1/2-1/2

[Event "21st Dubai Open 2019"]
[Site "Dubai UAE"]
[Date "2019.04.07"]
[Round "7.35"]
[White "Priyanka, Nutakki"]
[Black "Galindo, Joseph"]
[Result "1-0"]
[WhiteTitle "WIM"]
[WhiteElo "2297"]
[BlackElo "2049"]
[WhiteFideId "25049615"]
[BlackFideId "5208254"]
[EventDate "2019.04.01"]

1. c4 Nf6 2. Nc3 e6 3. e4 d5 4. e5 d4 5. exf6 dxc3 6. bxc3 Qxf6 7. Nf3 h6 8. d4
c5 9. Bd3 Nc6 10. Be4 cxd4 11. cxd4 Bb4+ 12. Bd2 Bxd2+ 13. Qxd2 O-O 14. O-O Rd8
15. Bxc6 bxc6 16. Qa5 Bd7 17. Rab1 Qf5 18. c5 f6 19. Rb7 e5 20. dxe5 fxe5 21.
Qc7 e4 22. Nd4 Qf6 23. Nc2 Bc8 24. Rxa7 Rd7 25. Qxd7 Bxd7 26. Rxa8+ Kh7 27. Ne3
Qc3 28. h3 Qxc5 29. Rb1 Qc3 30. a4 Be6 31. Ra7 h5 32. a5 Ba2 33. Rbb7 Qe1+ 34.
Kh2 Qxf2 35. Rxg7+ Kh8 36. Rh7+ Kg8 37. Rhg7+ Kh8 38. Rh7+ Kg8 39. Rhc7 Kh8 40.
Ra8+ Bg8 41. Rcc8 Qf4+ 42. Kh1 Qxe3 43. Rxg8+ Kh7 44. Rh8+ Kg6 45. Rag8+ Kf7 46.
Rf8+ Kg7 47. a6 h4 48. Rhg8+ Kh7 49. Rg4 Qe1+ 50. Kh2 Qa1 51. Rf5 Kh6 52. Rxe4
Qxa6 53. Rxh4+ Kg6 54. Rf3 Qe2 55. Rg4+ Kh7 56. Rf7+ Kh8 57. Rf5 Qe8 58. Rfg5 1-0

[Event "21st Dubai Open 2019"]
[Site "Dubai UAE"]
[Date "2019.04.07"]
[Round "7.37"]
[White "Sultan, Ibrahim"]
[Black "Ravi, Thandalam Shanmugam"]
[Result "1/2-1/2"]
[WhiteTitle "IM"]
[BlackTitle "IM"]
[WhiteElo "2121"]
[BlackElo "2276"]
[WhiteFideId "9301143"]
[BlackFideId "5000238"]
[EventDate "2019.04.01"]

1. d4 Nf6 2. c4 e6 3. Nf3 d5 4. g3 dxc4 5. Bg2 Nc6 6. O-O Rb8 7. e3 b5 8. Qe2
Be7 9. b3 cxb3 10. axb3 a6 11. Bd2 O-O 12. Rc1 Bb7 13. Ne1 Nb4 14. Bxb7 Rxb7 15.
Bxb4 Bxb4 16. Rxa6 Bxe1 17. Qxe1 Qd5 18. Qc3 Ne4 19. Qc6 Qf5 20. Ra2 Ra7 21.
Rac2 b4 22. Kg2 Rfa8 23. f3 Nf6 24. e4 Qg5 25. Qc5 Qe3 26. Qxb4 Ra2 27. Qd2 Qxb3
28. Nc3 Rxc2 29. Qxc2 Qc4 30. Ne2 Qa6 31. Kf2 Ne8 32. Ke3 Rb8 33. Qc3 h6 34. Nf4
Nd6 35. Nd3 Nb5 36. Ra1 Qd6 37. Qc5 Rd8 38. Ra4 Qxc5 39. Nxc5 Kf8 40. Rb4 Nd6
41. Nd3 Ra8 42. h4 Ke7 43. h5 f6 44. g4 Ra3 45. f4 f5 46. gxf5 exf5 47. e5 Ne4
48. Rb7 Kd7 49. Rb8 c5 50. Ke2 cxd4 51. Rb7+ Ke6 52. Rxg7 Nc3+ 53. Kf3 Ne4 54.
Ke2 Ra2+ 55. Ke1 Ra1+ 56. Ke2 Ra2+ 57. Ke1 Ra1+ 1/2-1/2

[Event "21st Dubai Open 2019"]
[Site "Dubai UAE"]
[Date "2019.04.08"]
[Round "8.2"]
[White "Indjic, Aleksandar"]
[Black "Kuzubov, Yuriy"]
[Result "1/2-1/2"]
[WhiteTitle "GM"]
[BlackTitle "GM"]
[WhiteElo "2620"]
[BlackElo "2644"]
[WhiteFideId "911925"]
[BlackFideId "14112906"]
[EventDate "2019.04.01"]

1. Nf3 d5 2. e3 Nf6 3. c4 e6 4. Nc3 c5 5. cxd5 exd5 6. Bb5+ Nc6 7. d4 cxd4 8.
exd4 Bd6 9. O-O O-O 10. Bg5 Bg4 11. Bxc6 bxc6 12. Qd3 h6 13. Bh4 Bxf3 14. Qxf3
g5 15. Bg3 Re8 16. Rae1 Rxe1 17. Rxe1 Bxg3 18. hxg3 Qd6 19. Re5 Re8 20. Qf5 Re6
21. Nd1 Nd7 22. Rxe6 Qxe6 23. Ne3 Kg7 24. g4 Nf6 25. Kf1 Kf8 26. Ke2 Qxf5 27.
Nxf5 Nxg4 28. f3 Nf6 29. Nxh6 Nh5 30. Ng4 f6 31. Ne3 Ke7 32. Nf5+ 1/2-1/2

[Event "21st Dubai Open 2019"]
[Site "Dubai UAE"]
[Date "2019.04.08"]
[Round "8.3"]
[White "Adly, Ahmed"]
[Black "Abdusattorov, Nodirbek"]
[Result "0-1"]
[WhiteTitle "GM"]
[BlackTitle "GM"]
[WhiteElo "2611"]
[BlackElo "2560"]
[WhiteFideId "10601619"]
[BlackFideId "14204118"]
[EventDate "2019.04.01"]

1. d4 Nf6 2. Nf3 e6 3. g3 b5 4. Bg2 Bb7 5. a4 b4 6. c4 bxc3 7. Nxc3 a5 8. O-O
Na6 9. Bf4 Be7 10. Qb1 d5 11. Ne5 O-O 12. Rc1 c6 13. e4 Qb6 14. Be3 Nb4 15. g4
Qd8 16. g5 Nd7 17. Nf3 Ba6 18. Rd1 Rb8 19. h4 Kh8 20. Rd2 f5 21. exf5 Rxf5 22.
Ne2 Qf8 23. Nh2 Bd6 24. Ng3 Bxg3 25. fxg3 Qd6 26. Bf2 Rbf8 27. Ra3 e5 28. Bh3
R5f7 29. g6 hxg6 30. Bxd7 Qxd7 31. dxe5 Rf5 32. Bc5 Re8 33. Nf3 Bc4 34. Re3 Na6
35. Bd6 Qa7 36. Nd4 Rf1+ 37. Qxf1 Bxf1 38. Kxf1 Nc5 39. Nxc6 Qa6+ 40. Kg1 Ne4
41. Rxe4 dxe4 42. Nd4 e3 43. Rg2 Rc8 44. Nb5 Rc1+ 45. Kh2 Qc6 46. Nc3 Rf1 0-1

[Event "21st Dubai Open 2019"]
[Site "Dubai UAE"]
[Date "2019.04.08"]
[Round "8.4"]
[White "Debashis, Das"]
[Black "Tabatabaei, M.amin"]
[Result "1/2-1/2"]
[WhiteTitle "GM"]
[BlackTitle "GM"]
[WhiteElo "2532"]
[BlackElo "2600"]
[WhiteFideId "5024854"]
[BlackFideId "12521213"]
[EventDate "2019.04.01"]

1. d4 f5 2. c4 Nf6 3. g3 g6 4. Bg2 Bg7 5. Nf3 O-O 6. O-O d6 7. Nc3 c6 8. b3 Na6
9. Bb2 Bd7 10. Rc1 Re8 11. d5 e5 12. dxe6 Bxe6 13. e3 Qe7 14. Qe2 Nc5 15. Rfd1
Rad8 16. Rc2 h6 17. Qf1 Bf7 18. Nd4 a5 19. Ba3 Kh7 20. Qe1 Ra8 21. Kh1 a4 22. b4
Nce4 23. Nxe4 Nxe4 24. b5 c5 25. Ne2 g5 26. Rdc1 b6 27. Rb1 d5 28. cxd5 Bxd5 29.
Ng1 Rad8 30. Rbc1 Qe6 31. Qe2 c4 32. f3 Nd6 33. Bxd6 Rxd6 34. e4 Qf6 35. Nh3 Bf7
36. f4 gxf4 37. Nxf4 Qe5 38. Re1 Qxb5 39. Qf1 fxe4 40. Bxe4+ Kg8 41. Qf3 c3 42.
Rce2 Rd2 43. Rxd2 cxd2 44. Rd1 Qb4 45. Bd5 Re1+ 46. Kg2 Rxd1 47. Bxf7+ Kxf7 48.
Qd5+ Ke7 49. Qb7+ Kd6 50. Qd5+ Ke7 51. Qb7+ Kd6 52. Qd5+ Ke7 53. Qb7+ Kd6 54.
Qd5+ Ke7 1/2-1/2

[Event "21st Dubai Open 2019"]
[Site "Dubai UAE"]
[Date "2019.04.08"]
[Round "8.5"]
[White "Iniyan, P"]
[Black "Can, Emre"]
[Result "1/2-1/2"]
[WhiteTitle "IM"]
[BlackTitle "GM"]
[WhiteElo "2487"]
[BlackElo "2586"]
[WhiteFideId "25002767"]
[BlackFideId "6302181"]
[EventDate "2019.04.01"]

1. d4 Nf6 2. c4 g6 3. Nc3 d5 4. Nf3 Bg7 5. e3 O-O 6. Be2 c5 7. O-O cxd4 8. exd4
dxc4 9. Bxc4 Nc6 10. Re1 Na5 11. Bf1 b6 12. Bg5 Bb7 13. Qd3 Rc8 14. Qe3 Re8 15.
Bb5 Bc6 16. Ba6 Bb7 17. Bb5 Bc6 18. Ba6 Bb7 19. Bb5 Bc6 1/2-1/2

[Event "21st Dubai Open 2019"]
[Site "Dubai UAE"]
[Date "2019.04.08"]
[Round "8.7"]
[White "Yilmaz, Mustafa"]
[Black "Visakh, N R"]
[Result "1/2-1/2"]
[WhiteTitle "GM"]
[BlackTitle "IM"]
[WhiteElo "2636"]
[BlackElo "2509"]
[WhiteFideId "6302718"]
[BlackFideId "25012223"]
[EventDate "2019.04.01"]

1. Nf3 Nf6 2. c4 e6 3. Nc3 d5 4. d4 Be7 5. Bf4 O-O 6. e3 Nbd7 7. Be2 dxc4 8. O-O
c5 9. dxc5 Nxc5 10. Bxc4 b6 11. Qc2 Bb7 12. Rfd1 Qc8 13. Nb5 a6 14. Nd6 Bxd6 15.
Bxd6 Rd8 16. Rac1 Nce4 17. Bb4 b5 18. Be2 Bd5 19. Ne5 Qxc2 20. Rxc2 Ne8 21. Nc6
Bxc6 22. Rxd8 Rxd8 23. Rxc6 Ra8 24. f3 N4f6 25. e4 Nd7 26. Kf2 Ne5 27. Rc5 f6
28. Ke3 Kf7 29. a3 Nd7 30. Rc6 Ne5 31. Rc5 Nd7 32. Rc2 Ra7 33. Ba5 Ke7 34. Rc8
Ne5 35. f4 Nf7 36. b3 g6 37. Bb6 Rb7 38. Bc5+ Kd7 39. Ra8 Rc7 40. Bb4 Rc6 41. a4
bxa4 42. bxa4 Nc7 43. Rf8 Nd8 44. Rh8 h5 45. Rg8 Rb6 46. Ba5 Rb3+ 47. Kf2 Ne8
48. Bxa6 Nb7 49. Be1 Nbd6 50. e5 fxe5 51. fxe5 Ne4+ 52. Ke2 Nc7 53. Bd3 Nc5 54.
Bxg6 Nd5 55. Rg7+ Kc8 56. Bd2 Rb2 57. Ke1 Ra2 58. Bxh5 Nd3+ 59. Kd1 Nf2+ 60. Kc1
Nd3+ 61. Kd1 Nf2+ 62. Ke2 Ne4 63. Bf3 Rxd2+ 64. Ke1 Rd4 65. Rg4 Ndc3 66. a5 Ra4
67. Bxe4 Nxe4 68. h4 Ra1+ 69. Ke2 Nc3+ 70. Kd3 Nd5 71. h5 Rh1 72. Rg8+ Kb7 73.
g4 Ka6 74. Kd4 Kb5 75. Rb8+ Kxa5 76. Kc5 Ka6 77. Kd6 Ne3 78. Rg8 Rh4 79. g5 Rxh5
80. Kxe6 Kb7 81. Kf6 Kc7 82. Rg7+ Kc6 83. e6 Nd5+ 84. Ke5 Rh1 85. Rd7 Re1+ 86.
Kf5 Rf1+ 87. Ke5 Re1+ 88. Kf5 Rf1+ 89. Ke5 Re1+ 90. Kf5 1/2-1/2

[Event "21st Dubai Open 2019"]
[Site "Dubai UAE"]
[Date "2019.04.08"]
[Round "8.8"]
[White "Mchedlishvili, Mikheil"]
[Black "Sindarov, Javokhir"]
[Result "1-0"]
[WhiteTitle "GM"]
[BlackTitle "GM"]
[WhiteElo "2610"]
[BlackElo "2505"]
[WhiteFideId "13600966"]
[BlackFideId "14205483"]
[EventDate "2019.04.01"]

1. d4 Nf6 2. c4 g6 3. Nc3 d5 4. Bg5 Ne4 5. Bh4 c5 6. cxd5 Nxc3 7. bxc3 Qxd5 8.
e3 Nc6 9. Qf3 Qf5 10. Qxf5 gxf5 11. Nf3 e6 12. Rb1 cxd4 13. cxd4 Bb4+ 14. Nd2
Bd7 15. a3 Bxa3 16. Rxb7 Rb8 17. Rxb8+ Nxb8 18. Bd3 Bc6 19. Ke2 Bb4 20. Ra1 a6
21. Nc4 O-O 22. Ne5 Bd5 23. Bf6 Bd6 24. f3 Bxe5 25. Bxe5 Nc6 26. Rxa6 Nxe5 27.
dxe5 Rb8 28. e4 Rb2+ 29. Ke3 fxe4 30. fxe4 Bb7 31. Ra7 Bc6 32. Rc7 Ba4 33. Be2
Kg7 34. h4 h6 35. Bg4 Rb6 36. Kf4 Be8 37. g3 Ra6 38. Rc8 Bd7 39. Rd8 Bb5 40. Bh5
Ra3 41. Rd2 Bc6 42. Bf3 Rc3 43. g4 Rc5 44. Ra2 Rc3 45. Rg2 f6 46. exf6+ Kxf6 47.
g5+ hxg5+ 48. hxg5+ Kg6 49. Rh2 e5+ 50. Kxe5 Kxg5 51. Rg2+ Kh6 52. Bg4 Bb7 53.
Be6 Rc5+ 54. Bd5 Bc8 55. Kf6 Rc3 56. Be6 Rf3+ 57. Ke5 Bb7 58. Bf5 Bxe4 59. Bxe4
Rf7 60. Rg6+ Kh5 61. Bf5 Ra7 62. Rg3 Ra4 63. Kf6 Rf4 64. Rc3 Ra4 65. Rc8 Kh4 66.
Rc3 Kh5 67. Rh3+ Rh4 68. Ra3 Rf4 69. Ke5 Rf1 70. Rg3 Ra1 71. Be4 Kh4 72. Kf4 Ra4
73. Rg1 Ra3 74. Rg8 Ra5 75. Rg7 Rb5 76. Ra7 Rc5 77. Bd3 Kh3 78. Ra2 1-0

[Event "21st Dubai Open 2019"]
[Site "Dubai UAE"]
[Date "2019.04.08"]
[Round "8.9"]
[White "Aravindh, Chithambaram VR."]
[Black "Sadhwani, Raunak"]
[Result "1-0"]
[WhiteTitle "GM"]
[BlackTitle "IM"]
[WhiteElo "2599"]
[BlackElo "2455"]
[WhiteFideId "5072786"]
[BlackFideId "35093487"]
[EventDate "2019.04.01"]

1. d4 Nf6 2. Bg5 d5 3. e3 c5 4. c3 e6 5. Nd2 Nbd7 6. Ngf3 Be7 7. Bd3 O-O 8. O-O
b6 9. Ne5 Nxe5 10. dxe5 Nd7 11. Bf4 Bb7 12. Qg4 Re8 13. Nf3 f5 14. exf6 Bxf6 15.
Bg3 Qe7 16. Rfe1 e5 17. e4 d4 18. Bb5 Rad8 19. Nh4 Qe6 20. Qxe6+ Rxe6 21. Bc4
Kf7 22. Nf5 Nf8 23. cxd4 cxd4 24. f4 exf4 25. Bxf4 Kg6 26. Bxe6 Nxe6 27. Bd2 d3
28. e5 Kxf5 29. exf6 Kxf6 30. Re3 Nd4 31. Rf1+ 1-0

[Event "21st Dubai Open 2019"]
[Site "Dubai UAE"]
[Date "2019.04.08"]
[Round "8.11"]
[White "Sanal, Vahap"]
[Black "Ghaem Maghami, Ehsan"]
[Result "1-0"]
[WhiteTitle "GM"]
[BlackTitle "GM"]
[WhiteElo "2511"]
[BlackElo "2536"]
[WhiteFideId "6300545"]
[BlackFideId "12500739"]
[EventDate "2019.04.01"]

1. e4 c6 2. d4 d5 3. Nd2 dxe4 4. Nxe4 Nd7 5. Nf3 Ngf6 6. Nxf6+ Nxf6 7. Qd3 g6 8.
g3 Qa5+ 9. c3 Bf5 10. Qe2 Qd5 11. Bg2 Qe4 12. Be3 Qd3 13. Qxd3 Bxd3 14. Ne5 Be4
15. f3 Bf5 16. g4 Be6 17. b3 Bg7 18. Nd3 O-O 19. c4 Rad8 20. O-O-O b5 21. Nc5
Bc8 22. h3 Nd7 23. f4 bxc4 24. bxc4 Nb6 25. Bf1 f6 26. a4 Rd6 27. a5 Nd7 28.
Nxd7 Rxd7 29. f5 Ba6 30. Bd3 Kf7 31. h4 gxf5 32. gxf5 Rb8 33. Kc2 Rdb7 34. Rb1
Rxb1 35. Rxb1 Rxb1 36. Kxb1 Ke8 37. Kc2 Kd7 38. Kc3 Bc8 39. d5 Bb7 40. Kd4 Bf8
41. Bc2 Kd8 42. a6 Bxa6 43. dxc6 Bc8 44. Kd5 a6 45. c5 Ke8 46. c7 Kd7 47. Bf4
Bb7+ 48. Kd4 e5+ 49. fxe6+ Kxe6 50. Bxh7 a5 51. Be4 Ba6 52. h5 a4 53. h6 a3 54.
Bb1 Kf7 55. Bc1 Bc8 56. h7 Bg7 57. Bxa3 f5+ 58. Kd5 Kg6 59. Bd3 Kxh7 60. Kc6 Kg6
61. Kb6 Be5 62. Bb4 Kf6 63. Ba5 f4 64. Be4 Bd4 65. Bb7 Bxc5+ 66. Kc6 Bf5 67.
Kxc5 1-0

[Event "21st Dubai Open 2019"]
[Site "Dubai UAE"]
[Date "2019.04.08"]
[Round "8.12"]
[White "Yeoh, Li Tian"]
[Black "Vignesh, N R"]
[Result "0-1"]
[WhiteTitle "IM"]
[BlackTitle "IM"]
[WhiteElo "2522"]
[BlackElo "2476"]
[WhiteFideId "5702895"]
[BlackFideId "25012215"]
[EventDate "2019.04.01"]

1. Nf3 Nf6 2. g3 b5 3. Bg2 Bb7 4. O-O e6 5. d3 d6 6. e4 Be7 7. Nd4 a6 8. Nb3 c5
9. e5 Bxg2 10. exf6 Bxf1 11. fxe7 Qxe7 12. Kxf1 Nc6 13. Be3 O-O 14. N1d2 Nb4 15.
f3 Rfc8 16. Ne4 Nd5 17. Bd2 Nb6 18. Qe2 Na4 19. Rb1 d5 20. Nc3 Nb6 21. a3 b4 22.
axb4 cxb4 23. Be3 Qd6 24. Bxb6 Qxb6 25. Na4 Qb5 26. Ra1 e5 27. Qxe5 Rxc2 28. Nd4
Re8 29. Qxe8+ Qxe8 30. Nxc2 h5 31. b3 Qe6 32. Kf2 h4 33. Rg1 d4 34. Nxd4 Qd5 35.
Ne2 Qxb3 36. Nc5 Qa2 37. gxh4 b3 38. Ke3 Qc2 39. Na4 b2 40. Nec3 Qc1+ 41. Kf2
b1=Q 42. Nxb1 Qc2+ 43. Ke3 Qxa4 44. Nd2 Qxh4 45. Rg2 Qe7+ 46. Kd4 Qd6+ 47. Kc3
Qa3+ 48. Kc2 Qa2+ 49. Kc1 a5 50. Rg4 a4 51. Rc4 a3 52. Rb4 Qd5 53. Ra4 Qxd3 54.
Nb1 Qf1+ 55. Kc2 Qf2+ 56. Nd2 Qc5+ 57. Nc4 Qc6 58. Rb4 Qxf3 59. Nd2 Qf5+ 60. Kc3
a2 61. Nb3 Qe5+ 62. Rd4 Qe1+ 0-1

[Event "21st Dubai Open 2019"]
[Site "Dubai UAE"]
[Date "2019.04.08"]
[Round "8.13"]
[White "Mareco, Sandro"]
[Black "Raahul, V S"]
[Result "1-0"]
[WhiteTitle "GM"]
[WhiteElo "2666"]
[BlackElo "2252"]
[WhiteFideId "112275"]
[BlackFideId "25035525"]
[EventDate "2019.04.01"]

1. c4 Nf6 2. Nc3 g6 3. g3 d5 4. cxd5 Nxd5 5. Bg2 Nb6 6. d3 Bg7 7. Be3 Nc6 8. Qd2
Nd4 9. Rc1 Nf5 10. Bc5 O-O 11. Nf3 c6 12. O-O Nd5 13. e3 b6 14. Ba3 Bb7 15. Nxd5
cxd5 16. d4 Nd6 17. Ne5 Bxe5 18. dxe5 Nb5 19. Bb4 a5 20. Bc3 Rc8 21. Bd4 e6 22.
Rxc8 Bxc8 23. Rc1 Bd7 24. e4 Bc8 25. Be3 Bb7 26. Bg5 Qd7 27. Bf6 Rc8 28. Qh6
Rxc1+ 29. Bf1 1-0

[Event "21st Dubai Open 2019"]
[Site "Dubai UAE"]
[Date "2019.04.08"]
[Round "8.14"]
[White "Naboka, Sergey"]
[Black "Sethuraman, S.P."]
[Result "0-1"]
[WhiteTitle "FM"]
[BlackTitle "GM"]
[WhiteElo "2327"]
[BlackElo "2637"]
[WhiteFideId "14123452"]
[BlackFideId "5021596"]
[EventDate "2019.04.01"]

1. e4 c5 2. Nf3 e6 3. d4 cxd4 4. Nxd4 Nc6 5. Nc3 Qc7 6. Be3 a6 7. Qd2 Nf6 8. f4
Bb4 9. Bd3 Ng4 10. Nxc6 bxc6 11. Bd4 O-O 12. h3 e5 13. fxe5 Nxe5 14. O-O Rb8 15.
Rad1 d6 16. Be2 Ba5 17. b3 Qe7 18. Qe3 Bc7 19. Na4 a5 20. c4 Be6 21. c5 Rfd8 22.
cxd6 Bxd6 23. Bb6 Bc7 24. Bxc7 Qxc7 25. Qc5 Ng6 26. Bc4 Nf4 27. Rxd8+ Rxd8 28.
Qe3 Bxc4 29. Qxf4 Qxf4 30. Rxf4 Rd1+ 31. Kh2 Be6 32. Rf2 Rc1 33. Nb2 Kf8 34. Nd3
Rc3 35. Rd2 Ke7 36. Kg1 Bc8 37. Ne5 Be6 38. Rd4 f6 39. Nf3 Bxh3 40. e5 Be6 41.
exf6+ Kxf6 42. Ra4 Bd5 43. Rxa5 g5 44. Ne1 h5 45. Kf2 Rc1 46. b4 Rb1 47. a3 Rb2+
48. Ke3 h4 49. Rc5 Rb3+ 50. Nd3 Bxg2 51. Kd4 0-1

[Event "21st Dubai Open 2019"]
[Site "Dubai UAE"]
[Date "2019.04.08"]
[Round "8.17"]
[White "Abelgas, Roel"]
[Black "Haug, Johannes"]
[Result "0-1"]
[WhiteTitle "FM"]
[BlackTitle "IM"]
[WhiteElo "2256"]
[BlackElo "2406"]
[WhiteFideId "5200970"]
[BlackFideId "1509268"]
[EventDate "2019.04.01"]

1. d4 Nf6 2. c4 e6 3. Nf3 Bb4+ 4. Nbd2 O-O 5. g3 d5 6. Qb3 Be7 7. Bg2 b6 8. O-O
Bb7 9. Qa4 Nbd7 10. Ne5 Nxe5 11. dxe5 Nd7 12. cxd5 Bxd5 13. Bxd5 exd5 14. Nf3 f6
15. Nd4 fxe5 16. Nc6 Qe8 17. Rd1 Bc5 18. e3 Nf6 19. Bd2 Bd6 20. Rac1 Qh5 21. Be1
Qh3 22. Qb5 Rf7 23. Qf1 Qh5 24. Qg2 a5 25. Rxd5 Nxd5 26. Qxd5 Rf8 27. f4 Qe2 28.
Bf2 Qxb2 29. Re1 Qc3 30. f5 e4 31. Nd4 Qc5 32. Qxe4 Rxf5 33. Re2 Qe5 34. Qd3
R5f6 35. Nc6 Qe8 36. Qc4+ Qf7 37. Qc2 Bc5 38. Ne5 Qe6 39. Nd3 Qe4 40. Nxc5 Qxc2
41. Rxc2 bxc5 42. e4 Rc6 43. Rc4 Rb8 44. Be1 Rb1 45. Kf1 a4 46. Rc2 a3 47. Rc3
c4 48. h4 Kf7 0-1

[Event "21st Dubai Open 2019"]
[Site "Dubai UAE"]
[Date "2019.04.08"]
[Round "8.18"]
[White "Dimakiling, Oliver"]
[Black "Raghunandan, Kaumandur Srihari"]
[Result "1/2-1/2"]
[WhiteTitle "IM"]
[BlackTitle "IM"]
[WhiteElo "2423"]
[BlackElo "2352"]
[WhiteFideId "5202248"]
[BlackFideId "25004964"]
[EventDate "2019.04.01"]

1. c4 e5 2. g3 c6 3. Bg2 d5 4. cxd5 cxd5 5. d4 e4 6. f3 Nf6 7. Nc3 Bb4 8. Bg5
O-O 9. fxe4 dxe4 10. Bxf6 Qxf6 11. Bxe4 Nc6 12. a3 Ba5 13. Nf3 Bh3 14. b4 Bg2
15. Nd5 Qd6 16. Rg1 f5 17. Bc2 Bxf3 18. exf3 Kh8 19. Bb3 Nxd4 20. bxa5 Qc5 21.
Kf1 Rad8 22. Ba2 Nc2 23. Rc1 Ne3+ 24. Ke2 Qxa3 25. Qd2 Nxd5 26. Bxd5 Rfe8+ 27.
Kf1 Rxd5 28. Qxd5 Qxc1+ 29. Kg2 Re2+ 30. Kh1 Qd2 31. Qxd2 Rxd2 32. Rc1 h6 33.
Rc5 a6 34. Rxf5 Rb2 35. Kg1 Kg8 36. h4 g6 37. Rc5 Kf7 38. h5 g5 39. Rc7+ Kg8 40.
Kf1 Rb5 41. Ke2 Rxa5 42. Rxb7 Ra3 1/2-1/2

[Event "21st Dubai Open 2019"]
[Site "Dubai UAE"]
[Date "2019.04.08"]
[Round "8.20"]
[White "Santos Ruiz, Miguel"]
[Black "Sidhant, Mohapatra"]
[Result "1-0"]
[WhiteTitle "GM"]
[BlackTitle "IM"]
[WhiteElo "2560"]
[BlackElo "2348"]
[WhiteFideId "22291482"]
[BlackFideId "5028698"]
[EventDate "2019.04.01"]

1. d4 d5 2. c4 c6 3. Nf3 Nf6 4. e3 e6 5. b3 Nbd7 6. Bd3 b6 7. O-O Bb7 8. Bb2 Be7
9. Nbd2 O-O 10. Qe2 c5 11. Rac1 Rc8 12. Rfd1 Rc7 13. cxd5 Nxd5 14. Bb1 cxd4 15.
Nxd4 Rxc1 16. Rxc1 Nc5 17. Ne4 Nf6 18. Nxf6+ Bxf6 19. b4 Ne4 20. f3 Nd6 21. Rd1
Qc7 22. Qd3 g6 23. Nxe6 fxe6 24. Bxf6 Rxf6 25. Qxd6 Qxd6 26. Rxd6 Kf8 27. Rd8+
Ke7 28. Rb8 Bc6 29. Kf2 Rf8 30. Rxf8 Kxf8 31. g4 Ke7 32. g5 Kd6 33. h4 a5 34. a3
Be8 35. Be4 e5 36. h5 Ke7 37. Kg3 Bf7 38. f4 Kd6 39. h6 exf4+ 40. exf4 axb4 41.
axb4 Bg8 42. Kg4 Ke6 43. Bc2 Kd6 44. f5 Kd5 1-0

[Event "21st Dubai Open 2019"]
[Site "Dubai UAE"]
[Date "2019.04.08"]
[Round "8.21"]
[White "Bellahcene, Bilel"]
[Black "Nitish, Belurkar"]
[Result "1-0"]
[WhiteTitle "GM"]
[BlackTitle "FM"]
[WhiteElo "2560"]
[BlackElo "2327"]
[WhiteFideId "696358"]
[BlackFideId "5084768"]
[EventDate "2019.04.01"]

1. e4 e6 2. d4 d5 3. Nc3 Nf6 4. e5 Nfd7 5. f4 c5 6. Nf3 Nc6 7. Be3 a6 8. Qd2 b5
9. a3 Qa5 10. Be2 b4 11. Nd1 c4 12. c3 bxa3 13. bxa3 Rb8 14. Qc2 Qc7 15. O-O f5
16. g4 g6 17. gxf5 exf5 18. Bf2 Bh6 19. Ng5 Bxg5 20. fxg5 Nb6 21. Ne3 Be6 22. h4
Na5 23. Ng2 Nb3 24. Ra2 a5 25. Nf4 Qc6 26. Bg3 a4 27. h5 Kf7 28. Bf3 Qd7 29. Qh2
Qe7 30. Qh4 Rbe8 31. Kg2 Kg7 32. Rh1 Na5 33. Bd1 Nb3 34. Bf3 Qd7 35. Bf2 Na8 36.
Kg3 Nc7 37. Be1 Qd8 38. Rah2 Ref8 39. hxg6 hxg6 40. Qh7+ Rxh7 41. Rxh7+ Kg8 42.
Rh8+ Kf7 43. R1h7+ Ke8 44. Rxf8+ Kxf8 45. Nxg6+ Ke8 46. Rh8+ Kd7 47. Rxd8+ Kxd8
48. Nf4 Kd7 49. g6 Na1 50. Bd2 Nb3 51. Be3 Ke7 52. Kh4 Nb5 53. Nxe6 Kxe6 54.
Bxd5+ Kxd5 1-0

[Event "21st Dubai Open 2019"]
[Site "Dubai UAE"]
[Date "2019.04.08"]
[Round "8.24"]
[White "Srihari, L R"]
[Black "Harsha, Bharathakoti"]
[Result "1/2-1/2"]
[WhiteTitle "FM"]
[BlackTitle "GM"]
[WhiteElo "2211"]
[BlackElo "2497"]
[WhiteFideId "46617116"]
[BlackFideId "5078776"]
[EventDate "2019.04.01"]

1. d4 e6 2. Nf3 c5 3. c4 cxd4 4. Nxd4 Nf6 5. Nc3 Bb4 6. Nb5 a6 7. Nd6+ Ke7 8.
Bf4 Qb6 9. Qb3 Nh5 10. Bd2 Nc6 11. a3 Bc5 12. Qxb6 Bxb6 13. Nxc8+ Raxc8 14. e3
Nf6 15. Be2 Ne5 16. b3 d6 17. O-O g5 18. Rfd1 Ba7 19. h3 Rhg8 20. g3 h5 21. Kg2
g4 22. h4 Rgd8 23. Rac1 Bc5 24. Ra1 Ba7 25. Rac1 Bc5 26. Ra1 Rd7 27. Na4 Ne4 28.
Bc1 Ba7 29. Bb2 b5 30. Nc3 Nxc3 1/2-1/2

[Event "21st Dubai Open 2019"]
[Site "Dubai UAE"]
[Date "2019.04.08"]
[Round "8.25"]
[White "Praveen, Kumar C"]
[Black "Aditya, Mittal"]
[Result "1-0"]
[WhiteTitle "IM"]
[BlackTitle "CM"]
[WhiteElo "2243"]
[BlackElo "2454"]
[WhiteFideId "5007372"]
[BlackFideId "35042025"]
[EventDate "2019.04.01"]

1. d4 d5 2. c4 c6 3. Nf3 Nf6 4. e3 Bf5 5. Nc3 e6 6. Nh4 Be4 7. f3 Bg6 8. Qb3 Qc7
9. Bd2 a6 10. Rc1 dxc4 11. Bxc4 Be7 12. Nxg6 hxg6 13. g3 Nbd7 14. e4 b5 15. Be2
Qb6 16. Be3 e5 17. Rd1 Nh5 18. O-O exd4 19. Bxd4 Bc5 20. Bf2 Bxf2+ 21. Rxf2
O-O-O 22. Qc2 Nxg3 23. Bxb5 Nh5 24. Bf1 Ne5 25. Nd5 Qa7 26. f4 Nxf4 27. Nxf4
Nf3+ 28. Kg2 Rxd1 29. Rxf3 Qd7 30. Bxa6+ Kd8 31. Qxd1 Qxd1 32. Rd3+ Qxd3 33.
Nxd3 Kc7 34. Bc4 Rd8 35. b3 f6 36. a4 Kb6 37. Kg3 Re8 38. Nf2 f5 39. Bf7 Re7 40.
Bxg6 fxe4 41. Bxe4 Kc5 42. Bd3 Kb4 43. Bc4 Re3+ 44. Kf4 Rc3 45. h4 Rc2 46. Ng4
Rc1 47. Ne5 Rh1 48. Kg3 Kc5 49. a5 Ra1 50. a6 Kb6 51. Kf4 Rh1 52. Kg5 Rg1+ 53.
Ng4 g6 54. Be6 Rh1 55. Bf7 Rh3 56. Bxg6 Rxb3 57. h5 Rh3 58. h6 Rxh6 59. Nxh6
Kxa6 60. Kf4 Kb5 61. Ke3 Kc5 62. Kd3 Kd5 63. Ng4 c5 64. Bf7+ Kd6 65. Ke4 Kc6 66.
Bc4 Kd6 67. Nf6 Kc6 68. Ke5 Kc7 69. Kd5 Kd8 70. Kd6 Kc8 71. Nd5 Kd8 72. Bb5 c4
73. Bd7 c3 74. Nf4 c2 75. Ne6# 1-0